Lieux de rencontre des Professeurs dans les jeux Pokémon - Statistiques

Statistiques générales
  • Ce quiz a été pris 7 fois
  • Le résultat moyen est 31 sur 135
Statistiques - réponses
Professeur Jeu Endroit % Correct
Professeur Chen Rouge,Bleu et Jaune Bourg Palette
100%
Professeur Chen Rouge Feu et Vert Feuille Bourg Palette
100%
Professeur Chen Rouge,Bleu et Jaune Ligue Pokémon
83%
Professeur Chen Or, Argent et Cristal Ligue Pokémon
83%
Professeur Chen Rouge Feu et Vert Feuille Ligue Pokémon
83%
Professeur Chen Or Heartgold et Argent Soulsilver Ligue Pokémon
83%
Professeur Chen Let's Go, Pikachu et Let's Go, Évoli Ligue Pokémon
83%
Professeur Sorbier Diamant, Perle et Platine Ligue Pokémon
83%
Professeur Sorbier Diamant Étincelant et Perle Scintillante Ligue Pokémon
83%
Professeur Euphorbe Soleil et Lune Ligue Pokémon
83%
Professeur Euphorbe Ultra-Soleil et Ultra-Lune Ligue Pokémon
83%
Professeur Keteleeria Noir et Blanc Route 1
50%
Professeur Euphorbe Soleil et Lune Route 1
50%
Professeur Euphorbe Ultra-Soleil et Ultra-Lune Route 1
50%
Professeur Euphorbe Soleil et Lune Route 10
50%
Professeur Seko Rubis, Saphir et Emeraude Route 101
50%
Professeur Seko Rubis Oméga et Saphir Alpha Route 101
50%
Professeur Euphorbe Soleil et Lune Route 2
50%
Professeure Magnolia Épée et Bouclier Route 2
50%
Professeur Sorbier Diamant, Perle et Platine Route 201
50%
Professeur Sorbier Diamant Étincelant et Perle Scintillante Route 201
50%
Professeur Euphorbe Soleil et Lune Route 5
50%
Professeur Euphorbe Soleil et Lune Abords d'Ekaeka
33%
Professeur Euphorbe Ultra-Soleil et Ultra-Lune Abords d'Ekaeka
33%
Professeur Euphorbe Soleil et Lune Dôme Royal
33%
Professeur Euphorbe Ultra-Soleil et Ultra-Lune Ekaeka
33%
Professeur Seko Emeraude Eternara
33%
Professeur Seko Rubis Oméga et Saphir Alpha Eternara
33%
Professeur Sorbier Platine Féli-Cité
33%
Professeur Sorbier Diamant Étincelant et Perle Scintillante Féli-Cité
33%
Professeur Euphorbe Soleil et Lune Ho'ohale
33%
Professeur Euphorbe Ultra-Soleil et Ultra-Lune Ho'ohale
33%
Professeur Platane X et Y Illumis
33%
Myosotis Légendes Pokémon : Z-A Laboratoire Pokémon
33%
Professeur Platane X et Y Mozheim
33%
Professeur Seko Emeraude Route 110
33%
Professeur Euphorbe Soleil et Lune Route 3
33%
Professeur Euphorbe Ultra-Soleil et Ultra-Lune Route 3
33%
Professeur Chen Or, Argent et Cristal Route 30
33%
Professeur Chen Or Heartgold et Argent Soulsilver Route 30
33%
Professeur Lavande Légendes Pokémon: Arceus Rusti-Cité
33%
Professeur Chen Diamant, Perle et Platine Scène de Combat
33%
Professeur Chen Or Heartgold et Argent Soulsilver Scène de Combat
33%
Professeur Sorbier Diamant, Perle et Platine Aire de Détente
17%
Professeur Keteleeria Noir et Blanc Arabelle
17%
Professeur Euphorbe Soleil et Lune Arbre de Combat
17%
Professeur Keteleeria Noir et Blanc 2 Arpentières
17%
Professeur Sorbier Diamant, Perle et Platine Bibliothèque de Joliberges
17%
Professeur Sorbier Diamant Étincelant et Perle Scintillante Bibliothèque de Joliberges
17%
Professeur Euphorbe Soleil et Lune Centre de Recherche Interdimensionnelle
17%
Professeur Sorbier Diamant, Perle et Platine Colonnes Lances
17%
Professeur Sorbier Diamant Étincelant et Perle Scintillante Colonnes Lances
17%
Professeur Euphorbe Soleil et Lune Ecole des Dresseurs
17%
Professeur Platane X et Y Flusselles
17%
Professeur Keteleeria Noir et Blanc Grotte Electrolithe
17%
Professeur Keteleeria Noir et Blanc Janusia
17%
Professeure Magnolia Épée et Bouclier Kickenham
17%
Professeure Magnolia Épée et Bouclier Laboratoire de la Professeure Magnolia
17%
Professeur Euphorbe Soleil et Lune Laboratoire du Professeur Euphorbe
17%
Professeur Euphorbe Ultra-Soleil et Ultra-Lune Laboratoire du Professeur Euphorbe
17%
Professeur Chen Rouge,Bleu et Jaune Laboratoire Pokémon du Professeur Chen
17%
Professeur Chen Or, Argent et Cristal Laboratoire Pokémon du Professeur Chen
17%
Professeur Chen Rouge Feu et Vert Feuille Laboratoire Pokémon du Professeur Chen
17%
Professeur Chen Or Heartgold et Argent Soulsilver Laboratoire Pokémon du Professeur Chen
17%
Professeur Chen Let's Go, Pikachu et Let's Go, Évoli Laboratoire Pokémon du Professeur Chen
17%
Professeur Keteleeria Noir et Blanc Laboratoire Pokémon du Professeur Keteleeria
17%
Professeur Keteleeria Noir et Blanc 2 Laboratoire Pokémon du Professeur Keteleeria
17%
Professeur Orme Or, Argent et Cristal Laboratoire Pokémon du Professeur Orme
17%
Professeur Orme Or Heartgold et Argent Soulsilver Laboratoire Pokémon du Professeur Orme
17%
Professeur Seko Rubis, Saphir et Emeraude Laboratoire Pokémon du Professeur Seko
17%
Professeur Seko Rubis Oméga et Saphir Alpha Laboratoire Pokémon du Professeur Seko
17%
Professeur Chen Diamant, Perle et Platine Laboratoire Pokémon du Professeur Sorbier
17%
Professeur Chen Diamant Étincelant et Perle Scintillante Laboratoire Pokémon du Professeur Sorbier
17%
Professeur Sorbier Diamant, Perle et Platine Laboratoire Pokémon du Professeur Sorbier
17%
Professeur Sorbier Diamant Étincelant et Perle Scintillante Laboratoire Pokémon du Professeur Sorbier
17%
Professeur Platane X et Y Laboratoire Pokémon Platane
17%
Professeure Olim Écarlate et Violet Laboratoire Zéro
17%
Professeur Turum Écarlate et Violet Laboratoire Zéro
17%
Professeur Sorbier Diamant, Perle et Platine Lac Vérité
17%
Professeur Platane X et Y La Frescale
17%
Professeur Euphorbe Soleil et Lune Lili'i
17%
Professeur Euphorbe Ultra-Soleil et Ultra-Lune Lili'i
17%
Professeur Keteleeria Noir et Blanc Maillard
17%
Professeur Euphorbe Soleil et Lune Maison du joueur
17%
Professeur Keteleeria Noir et Blanc Méanville
17%
Professeur Euphorbe Soleil et Lune Mont Hokulani
17%
Professeur Euphorbe Ultra-Soleil et Ultra-Lune Mont Hokulani
17%
Professeur Euphorbe Soleil et Lune Mont Lanakila
17%
Professeure Magnolia Épée et Bouclier Paddoxton
17%
Professeure Sonya Épée et Bouclier Paddoxton
17%
Professeur Lavande Légendes Pokémon: Arceus Plage Premiépas
17%
Professeur Chen Diamant, Perle et Platine Route 224
17%
Professeur Chen Diamant Étincelant et Perle Scintillante Route 224
17%
Professeur Lavande Légendes Pokémon: Arceus Temple de Sinnoh
17%
Professeur Keteleeria Noir et Blanc 2 Tour des Cieux
17%
Professeur Chen Diamant, Perle et Platine Vestigion
17%
Professeur Chen Diamant Étincelant et Perle Scintillante Vestigion
17%
Professeur Sorbier Platine Bâtiment Galaxie de Vestigion
0%
Professeur Sorbier Diamant Étincelant et Perle Scintillante Bâtiment Galaxie de Vestigion
0%
Professeur Lavande Légendes Pokémon: Arceus Bivouac Contrefort
0%
Professeur Lavande Légendes Pokémon: Arceus Bivouac Côtier
0%
Professeur Lavande Légendes Pokémon: Arceus Bivouac de la Friche
0%
Professeur Lavande Légendes Pokémon: Arceus Bivouac des Cimes
0%
Professeur Lavande Légendes Pokémon: Arceus Bivouac des Montagnes
0%
Professeur Lavande Légendes Pokémon: Arceus Bivouac des Neiges
0%
Professeur Lavande Légendes Pokémon: Arceus Bivouac des Plages
0%
Professeur Lavande Légendes Pokémon: Arceus Bivouac des Plaines
0%
Professeur Lavande Légendes Pokémon: Arceus Bivouac du Glacier
0%
Professeur Lavande Légendes Pokémon: Arceus Bivouac du Marais
0%
Professeure Magnolia Épée et Bouclier Brasswick
0%
Professeur Platane X et Y Café Lysandre
0%
Professeur Keteleeria Noir et Blanc 2 Caverne des Esprits
0%
Professeur Sorbier Platine Centre Commercial de Voilaroc
0%
Professeur Euphorbe Soleil et Lune Club Hano-Hano
0%
Professeur Keteleeria Noir et Blanc Désert Délassant
0%
Professeur Keteleeria Noir et Blanc 2 Entrelasque
0%
Myosotis Légendes Pokémon : Z-A Extra Illumis
0%
Professeure Sonya Épée et Bouclier Forêt de Sleepwood
0%
Professeur Platane X et Y Gare d'Illumis
0%
Professeure Sonya Épée et Bouclier Hameau Gelé
0%
Myosotis Légendes Pokémon : Z-A Hôtel Z
0%
Professeur Keteleeria Noir et Blanc Ile Liberté
0%
Professeur Euphorbe Soleil et Lune Jungle Sombrefeuille
0%
Professeure Olim Écarlate et Violet Lac Cristallin
0%
Professeur Turum Écarlate et Violet Lac Cristallin
0%
Professeur Sorbier Diamant Étincelant et Perle Scintillante Lac Vérité
0%
Professeur Euphorbe Soleil et Lune Parc de Malié
0%
Professeur Euphorbe Ultra-Soleil et Ultra-Lune Parc de Malié
0%
Professeur Chen Diamant, Perle et Platine Parc des Amis
0%
Professeur Chen Diamant Étincelant et Perle Scintillante Parc Rosa Rugosa
0%
Professeur Keteleeria Noir et Blanc 2 Parsemille
0%
Professeur Lavande Légendes Pokémon: Arceus Plateau Cer-Mont
0%
Professeur Euphorbe Soleil et Lune Port d'Ekaeka
0%
Professeur Platane X et Y Port Tempères
0%
Professeur Lavande Légendes Pokémon: Arceus Siège du Groupe Galaxie
0%
Aucun quiz correspondant
Distribution des résultats
% des personnes avec chaque résultat
Percentile par nombre de réponses
Votre historique - résultats
Vous n’avez pas pris ce quiz